Skip to main content
Your cart is empty.
Your lists
Log in to create your own lists
Your cookies
العربية
English
العربية
Home
Search
Advanced search
Authority search
About
The noble scholar, jurist, historian
His Excellency Dr. Abdul Wahhab bin Ibrahim Abu Sulaiman, may Allah have mercy on him.
He was born in Umm Al-Qura in the year 1356 AH.
Library catalog
Title
Author
Subject
ISBN
ISSN
Series
Call number
Log in to your account
×
Login:
Password:
Home
MARC view: الحركات السلفية في المغرب (1971-2004) :
Normal view
MARC view
ISBD view
الحركات السلفية في المغرب (1971-2004) : (Record no. 12216)
[
view plain
]
MARC details
000 -LEADER
fixed length control field
01596cam a2200337 i 4500
003 - CONTROL NUMBER IDENTIFIER
control field
SA-RiAUC
005 - DATE AND TIME OF LATEST TRANSACTION
control field
20250929130621.0
008 - FIXED-LENGTH DATA ELEMENTS--GENERAL INFORMATION
fixed length control field
250925s2009 le g b i001 0 ara c
020 ## - INTERNATIONAL STANDARD BOOK NUMBER
International Standard Book Number
9789953822853
040 ## - CATALOGING SOURCE
Original cataloging agency
SA-JeALM
Language of cataloging
ara
Transcribing agency
SA-RiAUC.
Description conventions
rda
043 ## - GEOGRAPHIC AREA CODE
Geographic area code
f-mr---
050 #4 - LIBRARY OF CONGRESS CALL NUMBER
Item number
A28 2009
082 04 - DEWEY DECIMAL CLASSIFICATION NUMBER
Classification number
217.0964
Assigning agency
SA-RiAUC
090 ## - LOCALLY ASSIGNED LC-TYPE CALL NUMBER (OCLC); LOCAL CALL NUMBER (RLIN)
Classification number (OCLC) (R) ; Classification number, CALL (RLIN) (NR)
217.0964
Local cutter number (OCLC) ; Book number/undivided call number, CALL (RLIN)
ا ب و ل
100 1# - MAIN ENTRY--PERSONAL NAME
Personal name
أبو اللوز، عبد الحكيم،
Dates associated with a name
1972-
Relator term
مؤلف.
245 12 - TITLE STATEMENT
Title
الحركات السلفية في المغرب (1971-2004) :
Remainder of title
بحث أنثروبولوجي سوسيولوجي /
Statement of responsibility, etc.
عبد الحكيم أبو اللوز.
250 ## - EDITION STATEMENT
Edition statement
الطبعة الأولى.
264 #1 - PRODUCTION, PUBLICATION, DISTRIBUTION, MANUFACTURE, AND COPYRIGHT NOTICE
Place of production, publication, distribution, manufacture
بيروت :
Name of producer, publisher, distributor, manufacturer
مركز دراسات الوحدة العربية،
Date of production, publication, distribution, manufacture, or copyright notice
2009
300 ## - PHYSICAL DESCRIPTION
Extent
463 صفحة ؛
Other physical details
إيضاحات ؛
Dimensions
24 سم.
336 ## - CONTENT TYPE
Content type term
نص
Content type code
txt
Source
rdacontent
Materials specified
كتاب
337 ## - MEDIA TYPE
Media type term
بدون وسيط
Media type code
n
Source
rdamedia
490 1# - SERIES STATEMENT
Series statement
أطروحات الدكتوراه / مركز دراسات الوحدة العربية (بيروت) ؛
Volume/sequential designation
79
500 ## - GENERAL NOTE
General note
اهداء من المؤلف عبدالحكيم ابو اللوز الى الشيخ رحمه الله
504 ## - BIBLIOGRAPHY, ETC. NOTE
Bibliography, etc. note
ببليوجرافية : صفحة 431-449.
650 #7 - SUBJECT ADDED ENTRY--TOPICAL TERM
Topical term or geographic name entry element
الأصولية الإسلامية
Geographic subdivision
المغرب
Source of heading or term
aucsh
650 #7 - SUBJECT ADDED ENTRY--TOPICAL TERM
Topical term or geographic name entry element
علم الاجتماع السياسي
Geographic subdivision
المغرب
Source of heading or term
aucsh
650 #7 - SUBJECT ADDED ENTRY--TOPICAL TERM
Topical term or geographic name entry element
السلفية
Geographic subdivision
المغرب
Source of heading or term
aucsh
830 #0 - SERIES ADDED ENTRY--UNIFORM TITLE
Uniform title
سلسلة أطروحات الدكتوراه (مركز دراسات الوحدة العربية)
Volume/sequential designation
79
942 ## - ADDED ENTRY ELEMENTS (KOHA)
Source of classification or shelving scheme
Dewey Decimal Classification
Koha item type
Books
Suppress in OPAC
No
949 ## - LOCAL PROCESSING INFORMATION (OCLC)
a
SA-JeALM
d
250925
u
osman123
n
1
Holdings
Withdrawn status
Lost status
Source of classification or shelving scheme
Damaged status
Not for loan
Collection
Home library
Current library
Date acquired
Total checkouts
Full call number
Barcode
Date last seen
Price effective from
Koha item type
Dewey Decimal Classification
اهداء
DR AbdElwahab Library
DR AbdElwahab Library
09/29/2025
217.0964 ا ب و ل
000019688
09/29/2025
09/29/2025
Books
Place hold
Print
Add to your cart
(remove)
Save record
BIBTEX
Dublin Core
MARCXML
MARC (non-Unicode/MARC-8)
MARC (Unicode/UTF-8)
MARC (Unicode/UTF-8, Standard)
MODS (XML)
RIS
ISBD
More searches
Search for this title in:
Other Libraries (WorldCat)
Other Databases (Google Scholar)
Online Stores (Bookfinder.com)
Open Library (openlibrary.org)
Exporting to Dublin Core...
×
Simple DC-RDF
OAI-DC
SRW-DC